1979 1972 1461 1778 1212 1330 1091 1315 1895 1787 1704 1761 1849 1638 1418 1424 1358 1940 1785 1781 1372 1096 1959 1252 1835 1246 1886 1050 1174 1056 1892 1990 1877 1069 1647 1658 1962 1482 1165 1773 1773 1539 1026 1392 1278 1793 1930 1420 1711 1467 1339 1376 1879 1220 1592 1044 1011 1023 1173 1238 1864 1622 1814 1600 1531 1882 1191 1172 1116 1114 1385 1073 1743 1435 1511 1368 1705 1168 1032 1042 1835 1435 1183 1094 2000 1007 1368 1782 1177 1026 1891 1064 1384 1114 1000 1980 1081 1861 1021 BCNSPRNW ULIB Ver.6.0+V

เปลี่ยนเป็นภาษาไทย

Change to English
 แสดงรายละเอียดบรรณานุกรม
  กลับหน้าหลัก

Brief Record : Get Marc (ISO 2709) : E-mail record : QR code < ปิดหน้าต่าง
LEADER : 00000nam 2200000uu 4500
001    13399111907
003     ULIB
008    110712s2553||||th 000 0 tha d
020    9746435477 (ล.2)
060  4 WY100^bม111ก ล2
110 1  มหาวิทยาลัยสุโขทัยธรรมาธิราช^bสาขาวิชาพยาบาลศาสตร์
245 00 เอกสารการสอนชุดวิชา การพยาบาลชุมชนและการรักษาพยาบาลเบื้องต้น หน่วยที่8-15=^bCommunity nursing and primary medical care/^cมหาวิทยาลัยสุโขทัยธรรมาธิราช
246 0  Community nursing and primary medical care
250    พิมพ์ครั้งที่ 12
260    นนทบุรี:^bศูนย์หนังสือมหาวิทยาลัยสุโขทัยธรรมาธิราช,^c2553
300    555 หน้า
945    ^p0^l0^i18372
945    ^p0^l0^i18373
945    ^p245^l0^i030801
945    ^p245^l0^i030802
945    ^p245^l0^i030803
995    กัณชพร
999    ^aใช้งานได้ทุกระบบ
รายการนี้ยังไม่มีแท็ก
คุณยังไม่ได้ล็อกอิน คุณสามารถมีกิจกรรมร่วมกับเว็บไซต์ได้ แต่ต้องล็อกอินก่อน ::
  ล็อกอิน

รายการสื่อสารสนเทศ

ลำดับที่ ประเภท เลขเรียก/บาร์โค้ด สถานที่ สถานะ
1. วิทยาศาสตร์การแพทย์ และสุขภาพ
วิทยาศาสตร์การแพทย์ และสุขภาพ
WY100 ม111ก ล2  
  Barcode: 18372
ห้องสมุดวิทยาเขตนครสวรรค์
►ส่วนจัดเก็บหนังสือเก่า นว.
บนชั้น
  ขอยืม
2. วิทยาศาสตร์การแพทย์ และสุขภาพ
วิทยาศาสตร์การแพทย์ และสุขภาพ
WY100 ม111ก ล2 ฉ.2 
  Barcode: 18373
ห้องสมุดวิทยาเขตนครสวรรค์
►ส่วนจัดเก็บหนังสือเก่า นว.
บนชั้น
  ขอยืม
3. วิทยาศาสตร์การแพทย์ และสุขภาพ
วิทยาศาสตร์การแพทย์ และสุขภาพ
WY100 ม111ก ล2 ฉ.4 
  Barcode: 030802
ห้องสมุดวิทยาเขตสวรรค์ประชารักษ์
►ส่วนจัดเก็บหนังสือเก่า สปร
บนชั้น
  ขอยืม
4. วิทยาศาสตร์การแพทย์ และสุขภาพ
วิทยาศาสตร์การแพทย์ และสุขภาพ
WY100 ม111ก ล2 ฉ.5 
  Barcode: 030803
ห้องสมุดวิทยาเขตสวรรค์ประชารักษ์
►ส่วนจัดเก็บหนังสือเก่า สปร
บนชั้น
  ขอยืม

BibComment


ยังไม่เคยถูกคอมเมนท์

คอมเมนท์ทรัพยากรรายการนี้
  คอมเมนท์: เอกสารการสอนชุดวิ..


 Copyright 2026. Bcnsprnw @Library